Parliamentary Memorandum presented by Prof. Kwabena Frimpong-Boateng Minister for Environment, Science, Technology & Innovation . Accession to the Vienna Convention on Civil Liability for Nuclear Damage (1963) (Record no. 1331)

MARC details
000 -LEADER
fixed length control field 00682nam a2200157Ia 4500
008 - FIXED-LENGTH DATA ELEMENTS--GENERAL INFORMATION
fixed length control field 240428s9999||||xx |||||||||||||| ||und||
041 ## - LANGUAGE CODE
Language code of text/sound track or separate title eng
082 ## - DEWEY DECIMAL CLASSIFICATION NUMBER
Classification number CN/MESTI/20
100 ## - MAIN ENTRY--PERSONAL NAME
Personal name Ministry for Environment, Science, Technology & Innovation
245 #0 - TITLE STATEMENT
Title Parliamentary Memorandum presented by Prof. Kwabena Frimpong-Boateng Minister for Environment, Science, Technology & Innovation . Accession to the Vienna Convention on Civil Liability for Nuclear Damage (1963)
260 ## - PUBLICATION, DISTRIBUTION, ETC.
Name of publisher, distributor, etc. Ministry for Environment, Science, Technology & Innovation
Place of publication, distribution, etc. [Accra] :
Date of publication, distribution, etc. 2020
300 ## - PHYSICAL DESCRIPTION
Extent 8p
650 ## - SUBJECT ADDED ENTRY--TOPICAL TERM
Topical term or geographic name entry element Ministry for Environment, Science, Technology & Innovation
942 ## - ADDED ENTRY ELEMENTS (KOHA)
Koha item type Conventions
Holdings
Withdrawn status Lost status Damaged status Not for loan Home library Current library Shelving location Date acquired Total checkouts Full call number Date last seen Copy number Price effective from Koha item type
        Main Library Main Library Reference 23/06/2022   CN/MESTI/20 1250 29/04/2024 1 29/04/2024 Conventions
©2026  Parliament of Ghana Library - All rights reserved